| 000 | 00374nam a22001457a 4500 | ||
|---|---|---|---|
| 003 | SGT | ||
| 020 | _a978-81-219-0628-9 | ||
| 082 |
_a621 _bKHU |
||
| 100 | _aKHURMI,R.S | ||
| 245 | _aMECHANICAL ENGINEERING (CONVENTIONAL AND OBJECTIVE TYPE) | ||
| 260 |
_aNEW DELHI _bEURASIA PUBLISHING HOUSE _c2016 |
||
| 300 | _a838 | ||
| 650 | _aMECHANICAL ENGINEERING | ||
| 942 |
_2ddc _cBK _02 |
||
| 999 |
_c14700 _d14700 |
||